Statystyki dla Państwa które mają swoje terytorium na Karaibach

Kliknij tutaj aby rozwiązać quiz!

Ogólne statystyki

  • Ten quiz został rozwiązany 15 razy
  • Średni wynik to 21 z 25

Statystyki odpowiedzi

Państwo% Poprawnych
Dominika
92%
Dominikana
92%
Francja
92%
Kuba
92%
Panama
92%
Saint Lucia
92%
Saint Vincent i Grenadyny
92%
Stany Zjednoczone
92%
Trynidad i Tobago
92%
Wielka Brytania
92%
Antigua i Barbuda
85%
Bahamy
85%
Barbados
85%
Haiti
85%
Kolumbia
85%
Meksyk
85%
Wenezuela
85%
Belize
77%
Grenada
77%
Gujana
77%
Honduras
77%
Jamajka
77%
Saint Kitts i Nevis
77%
Surinam
77%
Holandia
69%

Rozkład punktacji

Percentyl według liczby udzielonych odpowiedzi

Procent ludzi z każdym wynikiem

Twoja historia wyników

Nie rozwiązałeś tego quizu